| 000 | 00900nam a2200277Ia 4500 | ||
|---|---|---|---|
| 003 | OSt | ||
| 005 | 20220927105751.0 | ||
| 006 | a|||||r|||| 00| 0 | ||
| 007 | ta | ||
| 008 | 220926b |||||||| |||| 00| 0 eng d | ||
| 024 | _a208520 | ||
| 037 | _cReference Collections | ||
| 040 |
_aRTL _cRTL _beng |
||
| 041 |
_2eng _aeng |
||
| 082 | _a"X9J:(Z).2, Q6/UN" | ||
| 100 |
_aHOUSING AND LAND RIGHTS NETWORK _9374886 |
||
| 110 |
_aHOUSING AND LAND RIGHTS NETWORK _9374887 |
||
| 245 | 0 | _aHuman Rights to adequate housig and land in india | |
| 260 |
_aNew _b"Delhi, HRLN " _c2016 |
||
| 300 |
_a34p _ccm. |
||
| 490 | _aRoutledge International Studies in Money and Banking | ||
| 500 | _aBibliography: P 278-83 | ||
| 700 |
_aHOUSING AND LAND RIGHTS NETWORK _9374886 |
||
| 942 |
_h"X9J:(Z).2, Q6/UN" _cCC |
||
| 999 |
_c694525 _d694525 |
||